| 000 | 00630nam a2200205 u 4500 | ||
|---|---|---|---|
| 005 | 20240925065003.0 | ||
| 008 | 130215s2010 r 000 0 eng d | ||
| 020 | _a9788420669427 | ||
| 035 | _aUPN01000189616 | ||
| 049 | _aCG | ||
| 050 | 4 |
_aLB1060 _bA6.9 |
|
| 245 | 0 | 0 |
_aAprendizaje y desarrollo de la personalidad / _ccoord. Eduardo Vidal-Abarca. |
| 260 |
_aMadrid : _bAlianza, _c2010. |
||
| 300 |
_a304 p. : _bcuadros, gráfs. |
||
| 650 | 7 |
_aTeorías del aprendizaje _2 _91225 |
|
| 650 | 4 |
_aPsicología del aprendizaje _95221 |
|
| 700 | 1 |
_aVidal-Abarca Gamez, Eduardo, _ecoord. _932049 |
|
| 905 | _aLibro | ||
| 999 |
_c161719 _d161719 |
||